000 00256nam a22001217a 4500
008 170920b xxu||||| |||| 00| 0 eng d
041 _aalb
080 _a7
100 _a45
101 _aART
245 _aIMAZHET E MUNGUARA
_cKASTRATI,V
942 _2udc
_cBK
999 _c28587
_d28587